Rugby Top Flight Teams 2025/26 - Statistics

General Stats
  • This quiz has been taken 65 times
    64 since last reset
  • The average score is 35 of 51
Answer Stats
Answer % Correct
Bath
91%
Sale Sharks
91%
Stade Toulousain
88%
Glasgow Warriors
86%
Leicester Tigers
86%
RC Toulon
86%
Saracens
86%
Stade Français
86%
Exeter Chiefs
84%
Leinster
84%
Northampton Saints
84%
Ulster
82%
Newcastle Red Bulls
80%
Sharks
80%
Crusaders
79%
Harlequins
79%
Blues
77%
Cardiff Rugby
75%
Munster
75%
Bordeaux Bègles
73%
Stormers
73%
Dragons
71%
Edinburgh
71%
Stade Rochelais
71%
Bristol Bears
70%
Highlanders
70%
Connacht
68%
Scarlets
68%
Gloucester
66%
Bulls
64%
Ospreys
64%
Lions
63%
Lyon OU
63%
Moana Pasifika
63%
Montpellier Hérault
63%
Racing 92
63%
Hurricanes
61%
Zebre Parma
61%
Benetton Treviso
59%
Reds
59%
Section Paloise
59%
USA Perpignan
59%
Waratahs
59%
Brumbies
57%
Western Force
55%
Chiefs
54%
Fijian Drua
54%
Clermont Auvergne
46%
US Montauban
43%
Bayonne
39%
Castres Olympique
36%
No matching quizzes found
Score Distribution
Percent of People with Each Score
Percentile by Number Answered
Your Score History
You have not taken this quiz since the last reset